000 01120nam a2200253 a 4500
001 000016168
005 20200929164313.0
008 100226s1948 dr 000 0 spa d
040 _aDO-SdBNP
_bspa
_cBNPHU
082 _a345.729305
_bT231e, 1948-
100 1 _aTavares, F.,
_q(Froilán)
_d1892-1955
_936186
245 1 0 _aElementos de derecho procesal civil dominicano /
_cF. Tavares.
250 _a2a ed.
260 _aSanto Domingo :
_bMontalvo,
_c1948-.
300 _av. ;
_c23 cm.
500 _aIncluye índice
500 _aIncluye referencias bibliográficas y notas al pie de las páginas
505 0 _gv.2 :
_tLibro 5. La competencia --
_tLibro 6. El proceso --
_tLibro 7. La sentencia --
_gv. 3, 4 :
_tLibro 8. Los recursos --
_tLibro 9. Los procedimientos ejecutorios --
_tLibro 10. Procedimientos de repartición --
590 _aInventariado, 250018/BT
650 4 _aDerecho penal
_xLegislación
_zRepública Dominicana
_916570
650 4 _aProcedimiento penal
_xLegislación
_zRepública Dominicana
_916571
650 4 _aDerecho civil
_zRepública Dominicana
_91058
910 _aValidado. Control de calidad MFF
999 _c15708
_d15708